[Event "Moscow Rapid-ch 2018"]
[Site "Moscow"]
[Date "2018.12.09"]
[Round "8"]
[White "Reprintsev, Alexander"]
[Black "Kornilovich, Dmitry"]
[Result "0-1"]
[WhiteElo "2371"]
[BlackElo "2133"]
[Annotator "NA"]
[PlyCount "228"]
[EventDate "2018.12.08"]
[EventType "swiss"]
[EventCountry "RUS"]
[SourceTitle "playchess.com"]
[Source "ChessBase"]
[SourceQuality "1"]
[TimeControl "900+10"]

1. e4 {[%emt 0:00:39]} c6 {[%emt 0:00:00]} 2. b3 {[%emt 0:00:06]} d5 {[%emt 0:00:00]} 3. Qe2 {[%emt 0:00:02]} dxe4 {[%emt 0:00:11]} 4. Nc3 {[%emt 0:00:01]} g6 {[%emt 0:00:46]} 5. Bb2 {[%emt 0:00:06]} Bg7 {[%emt 0:00:02]} 6. h4 {[%emt 0:00:10]} h5 {[%emt 0:00:17]} 7. Nh3 {[%emt 0:00:30]} Bg4 {[%emt 0:00:16]} 8. Qxe4 {[%emt 0:00:38]} Nf6 {[%emt 0:00:30]} 9. Qd3 {[%emt 0:01:47]} Nbd7 {[%emt 0:00:27]} 10. Ng5 {[%emt 0:03:03]} O-O {[%emt 0:00:58]} 11. Qg3 {[%emt 0:00:12]} Nc5 {[%emt 0:02:02]} 12. f3 {[%emt 0:01:20]} Bf5 {[%emt 0:00:01]} 13. O-O-O {[%emt 0:00:03]} e5 {[%emt 0:02:00]} 14. Qxe5 {[%emt 0:00:46]} Nfe4 {[%emt 0:00:26]} 15. Qxg7+ {[%emt 0:00:02]} Kxg7 {[%emt 0:00:06]} 16. Ncxe4+ {[%emt 0:00:01]} Kh6 {[%emt 0:00:39]} 17. Nxc5 {[%emt 0:00:02]} b6 {[%emt 0:00:23]} 18. Nce4 {[%emt 0:00:05]} f6 {[%emt 0:01:17]} 19. Nh3 {[%emt 0:02:25]} Bxe4 {[%emt 0:00:01]} 20. fxe4 {[%emt 0:00:02]} Qd6 {[%emt 0:00:02]} 21. Be2 {[%emt 0:00:21]} Qg3 {[%emt 0:00:11]} 22. Rdf1 {[%emt 0:00:18]} f5 {[%emt 0:02:04]} 23. exf5 {[%emt 0:01:02]} Rxf5 {[%emt 0:00:02]} 24. Rxf5 {[%emt 0:00:06]} gxf5 {[%emt 0:00:01]} 25. Bf3 {[%emt 0:00:02]} Re8 {[%emt 0:00:12]} 26. Bf6 {[%emt 0:00:06]} Qd6 {[%emt 0:03:30]} 27. Bg5+ {[%emt 0:00:02]} Kh7 {[%emt 0:00:06]} 28. Kb2 {[%emt 0:00:11]} a5 {[%emt 0:00:09]} 29. Bxh5 {[%emt 0:00:27]} Re4 {[%emt 0:00:25]} 30. Bf3 {[%emt 0:00:38]} a4 {[%emt 0:00:00]} 31. Bxe4 a3+ 32. Kc1 {[%emt 0:00:53]} fxe4 {[%emt 0:00:03]} 33. Rf1 {[%emt 0:00:44]} c5 {[%emt 0:02:10]} 34. Be3 {[%emt 0:00:51]} Qe5 {[%emt 0:00:27]} 35. c3 {[%emt 0:00:08]} Qg3 {[%emt 0:00:31]} 36. Ng5+ {[%emt 0:00:30]} Kh8 {[%emt 0:00:00]} 37. Rf8+ Kg7 38. Ne6+ {[%emt 0:01:20]} Kh7 {[%emt 0:00:01]} 39. Rf7+ {[%emt 0:00:03]} Kh8 {[%emt 0:00:01]} 40. Rf8+ {[%emt 0:00:32]} Kh7 {[%emt 0:00:01]} 41. Rf2 {[%emt 0:00:40]} Qxh4 {[%emt 0:00:28]} 42. Ng5+ {[%emt 0:00:08]} Kg6 {[%emt 0:00:06]} 43. Nh3 {[%emt 0:00:03]} Kg7 {[%emt 0:00:27]} 44. Kc2 {[%emt 0:00:04]} Qd8 {[%emt 0:00:12]} 45. Nf4 {[%emt 0:00:04]} Qh4 {[%emt 0:00:09]} 46. Rf1 {[%emt 0:00:07]} Qg4 {[%emt 0:00:05]} 47. g3 {[%emt 0:00:07]} Kg8 {[%emt 0:00:11]} 48. Rg1 {[%emt 0:00:17]} Kg7 {[%emt 0:00:08]} 49. Rh1 {[%emt 0:00:06]} Kg8 {[%emt 0:00:08]} 50. Nd5 {[%emt 0:00:17]} Qf3 {[%emt 0:00:45]} 51. Rh4 {[%emt 0:00:10]} Qf1 {[%emt 0:00:17]} 52. Rg4+ {[%emt 0:00:03]} Kh8 {[%emt 0:00:03]} 53. Rh4+ {[%emt 0:00:04]} Kg7 {[%emt 0:00:03]} 54. Rg4+ {[%emt 0:00:01]} Kh8 {[%emt 0:00:02]} 55. Rxe4 {[%emt 0:00:07]} Qa1 {[%emt 0:00:03]} 56. Re8+ {[%emt 0:00:16]} Kg7 {[%emt 0:00:03]} 57. Nxb6 {[%emt 0:00:07]} Qxa2+ {[%emt 0:00:03]} 58. Kd3 {[%emt 0:00:01]} Qxb3 {[%emt 0:00:20]} 59. Re7+ {[%emt 0:00:10]} Kf6 {[%emt 0:00:08]} 60. Bxc5 {[%emt 0:00:01]} a2 {[%emt 0:00:30]} 61. Ra7 {[%emt 0:00:06]} Qb1+ {[%emt 0:00:11]} 62. Kc4 {[%emt 0:00:02]} a1=Q {[%emt 0:00:05]} 63. Rxa1 {[%emt 0:00:01]} Qxa1 {[%emt 0:00:01]} 64. Be3 {[%emt 0:00:08]} Ke6 {[%emt 0:00:08]} 65. Kb5 {[%emt 0:00:25]} Qb1+ {[%emt 0:00:19]} 66. Kc5 {[%emt 0:00:13]} Qf5+ {[%emt 0:00:07]} 67. Kc4 {[%emt 0:00:19]} Qe4+ {[%emt 0:00:16]} 68. Kb3 {[%emt 0:00:21]} Kd6 {[%emt 0:00:19]} 69. Nc4+ {[%emt 0:00:02]} Kc6 {[%emt 0:00:01]} 70. Nb2 {[%emt 0:00:03]} Kb5 {[%emt 0:00:08]} 71. Bf4 {[%emt 0:00:11]} Qe6+ {[%emt 0:00:18]} 72. c4+ {[%emt 0:00:10]} Kc6 {[%emt 0:00:08]} 73. d4 {[%emt 0:00:08]} Qe4 {[%emt 0:00:10]} 74. Be5 {[%emt 0:00:29]} Qe3+ {[%emt 0:00:07]} 75. Kc2 {[%emt 0:00:03]} Qe2+ {[%emt 0:00:04]} 76. Kc3 {[%emt 0:00:01]} Qe1+ {[%emt 0:00:05]} 77. Kb3 {[%emt 0:00:07]} Qe3+ {[%emt 0:00:04]} 78. Ka2 {[%emt 0:00:14]} Kb6 {[%emt 0:00:22]} 79. Kb1 {[%emt 0:00:13]} Ka5 {[%emt 0:00:18]} 80. Kc2 {[%emt 0:00:01]} Qe2+ {[%emt 0:00:08]} 81. Kc3 {[%emt 0:00:01]} Qe1+ {[%emt 0:00:01]} 82. Kb3 {[%emt 0:00:24]} Qe3+ {[%emt 0:00:02]} 83. Ka2 {[%emt 0:00:05]} Qe2 {[%emt 0:00:10]} 84. Kb3 {[%emt 0:00:04]} Qe3+ 85. Kc2 Qe2+ {[%emt 0:00:06]} 86. Kc1 {[%emt 0:00:02]} Kb4 {[%emt 0:00:15]} 87. Bf4 {[%emt 0:00:37]} Kb3 {[%emt 0:00:15]} 88. Bd2 {[%emt 0:00:03]} Qf1+ {[%emt 0:00:22]} 89. Nd1 {[%emt 0:00:02]} Qxc4+ {[%emt 0:00:01]} 90. Nc3 {[%emt 0:00:15]} Qf1+ {[%emt 0:00:07]} 91. Nd1 {[%emt 0:00:04]} Qa6 {[%emt 0:00:34]} 92. Bf4 {[%emt 0:00:18]} Qd3 {[%emt 0:00:13]} 93. Ne3 {[%emt 0:00:04]} Qxd4 {[%emt 0:00:14]} 94. Ng4 {[%emt 0:00:25]} Qd3 {[%emt 0:00:18]} 95. Ne3 {[%emt 0:00:03]} Qe2 {[%emt 0:00:03]} 96. Bh6 {[%emt 0:00:28]} Qe1+ {[%emt 0:00:04]} 97. Nd1 {[%emt 0:00:01]} Qxg3 {[%emt 0:00:04]} 98. Be3 {[%emt 0:00:10]} Qg2 {[%emt 0:00:06]} 99. Nf2 {[%emt 0:00:05]} Qf3 {[%emt 0:00:03]} 100. Kd2 {[%emt 0:00:02]} Kc4 {[%emt 0:00:05]} 101. Nd1 {[%emt 0:00:23]} Qe4 {[%emt 0:00:23]} 102. Nf2 {[%emt 0:00:06]} Qf3 {[%emt 0:00:10]} 103. Nd1 {[%emt 0:00:02]} Qd5+ {[%emt 0:00:09]} 104. Ke2 {[%emt 0:00:17]} Qd3+ {[%emt 0:00:04]} 105. Ke1 {[%emt 0:00:00]} Kd5 {[%emt 0:00:06]} 106. Bd2 {[%emt 0:00:02]} Qf3 {[%emt 0:00:05]} 107. Be3 {[%emt 0:00:23]} Ke4 {[%emt 0:00:16]} 108. Kd2 {[%emt 0:00:03]} Qf1 {[%emt 0:00:12]} 109. Nc3+ {[%emt 0:00:37]} Kf3 {[%emt 0:00:00]} 110. Bd4 {[%emt 0:00:25]} Qc4 {[%emt 0:00:05]} 111. Bg7 {[%emt 0:00:16]} Qc5 {[%emt 0:00:30]} 112. Kc2 {[%emt 0:00:11]} Qf2+ {[%emt 0:00:10]} 113. Kd3 {[%emt 0:00:52]} Qf1+ {[%emt 0:00:10]} 114. Kd4 {[%emt 0:00:29]} Qg1+ {[%emt 0:00:03]} 0-1

[Event "Moscow Rapid-ch 2018"]
[Site "Moscow"]
[Date "2018.12.09"]
[Round "8"]
[White "Tsvetkov, Andrey"]
[Black "Naumkin, Igor"]
[Result "1/2-1/2"]
[WhiteElo "2338"]
[BlackElo "2410"]
[Annotator "TA"]
[PlyCount "160"]
[EventDate "2018.12.08"]
[EventType "swiss"]
[EventCountry "RUS"]
[SourceTitle "playchess.com"]
[Source "ChessBase"]
[SourceQuality "1"]

{[%evp 27,160,12,40,15,32,0,0,0,0,0,41,6,17,0,0,0,37,13,62,45,25,0,0,0,0,-43,-43,-43,-43,-43,-16,-16,-16,-24,-8,-8,-8,-8,-8,-10,0,0,0,0,0,0,0,-8,0,0,0,0,0,0,0,0,0,0,0,0,0,0,0,0,0,0,0,0,0,0,0,0,0,0,0,-14,-14,-14,0,-8,0,-14,-14,-15,-14,-14,-8,-8,0,-8,-8,-8,-8,-8,0,0,0,0,0,0,0,0,0,0,0,0,0,0,0,0,0,0,0,0,29966,29963,29985,29986,29989,0,0,0,0,0,0,0,0,0,0,0,0,0,0,0,0]} 1. d4 Nf6 2. c4 e6 3. Nc3 Bb4 4. e3 c5 5. Nge2 cxd4 6. exd4 O-O 7. a3 Be7 8. Nf4 d5 9. cxd5 Nxd5 10. Ncxd5 exd5 11. Bd3 Nc6 12. O-O Bf6 13. Be3 g6 14. Rc1 Be6 {LiveBook: 9 Games. E42: Nimzo-Indian: Rubinstein: 4...c5 5 Ne2} (14... Qd6 15. Rc5 Be6 16. Nxe6 fxe6 17. Qa4 Nxd4 18. Bxd4 Qf4 19. Qd7 Bxd4 20. Qxe6+ Kh8 21. Rc2 Rad8 22. g3 {½-½ (58) Gajewski,G (2643)-Fridman,D (2635) Germany 2014}) 15. b4 a6 $146 ({Predecessor:} 15... Qd6 16. Bb1 a5 17. b5 Ne7 18. a4 Rac8 19. Qd2 b6 20. Qb2 Nf5 21. Bxf5 Bxf5 22. Qb3 {½-½ (60) Dorofeeva,A (2272)-Shadrina,T (2386) Elista 2003}) 16. Bxa6 Qb6 17. Be2 Rxa3 18. Rc5 Rd8 19. b5 Ne7 $1 20. Nxe6 Qxe6 21. Bg4 Qe4 22. Bf3 Qd3 23. Qxd3 Rxd3 24. Rd1 Rxd1+ 25. Bxd1 Nf5 26. Bf3 (26. Rc7 {with more complications.} b6 27. Rc6 Bxd4 28. Bxd4 Nxd4 29. Rxb6 Ra8 30. Kf1) 26... Bxd4 27. Rxd5 Rxd5 28. Bxd5 Bxe3 29. fxe3 $15 {[%mdl 4096] Endgame KB-KN} b6 30. Kf2 Kf8 31. Bc6 Nd6 32. e4 Nc4 33. Bd5 Ne5 34. h3 Ke7 35. Ke3 g5 36. g3 Kd6 37. h4 h6 38. hxg5 hxg5 39. Kd4 f6 40. Bg8 Nf3+ 41. Ke3 Nh2 42. Bc4 Ng4+ 43. Kd4 Ne5 44. Be2 Nd7 45. Bc4 Nc5 46. Bd5 Nd7 47. Bc4 Ne5 48. Be2 Ng6 49. Bc4 Nf8 50. Bd5 Ne6+ 51. Ke3 Nc7 52. Bc6 Ke5 53. Bd7 Kd6 54. Bc6 Kc5 55. Bd7 Nxb5 {Threatens to win with ...Nd4.} 56. e5 $1 Nc7 (56... fxe5 $5 57. Ke4 $8 Nd4 58. Kxe5 Ne2 $11) 57. Ke4 Nd5 58. Kf5 fxe5 59. Kxe5 Ne3 60. Ke4 Nc4 61. Kf5 {[#]} g4 $1 {[%mdl 512]} 62. Kf4 (62. Kxg4 Ne5+) 62... Kd4 63. Bxg4 b5 64. Bd1 b4 65. g4 Nb2 66. Bb3 Nd3+ 67. Kf5 Nc5 68. g5 Nxb3 $11 {KN-KP} 69. g6 Kc3 70. g7 Nd4+ $2 {[%mdl 8192] [#]} (70... Nd2 $11) 71. Ke4 b3 72. g8=Q b2 73. Qa2 $2 (73. Qg3+ {mates} Nf3 74. Qxf3+ Kc4 75. Qe2+ Kb4 76. Qxb2+ Kc5 77. Qd4+ Kc6 78. Ke5) 73... Nb3 {The position is equal.} 74. Ke3 Kc2 75. Ke4 Kc1 76. Qa3 {Intending Kd3 and mate.} Kc2 77. Qa2 Kc1 78. Qa3 Kc2 79. Qa2 Kc1 80. Qa3 {White threatens Kd3 and mate.} Kc2 {Accuracy: White = 74%, Black = 62%.} 1/2-1/2

[Event "Moscow Rapid-ch 2018"]
[Site "Moscow"]
[Date "2018.12.09"]
[Round "8"]
[White "Pavlov, Danila"]
[Black "Vlasov, Sergey"]
[Result "1/2-1/2"]
[WhiteElo "2323"]
[BlackElo "2229"]
[Annotator "NA"]
[PlyCount "45"]
[EventDate "2018.12.08"]
[EventType "swiss"]
[EventCountry "RUS"]
[SourceTitle "playchess.com"]
[Source "ChessBase"]
[SourceQuality "1"]
[TimeControl "900+10"]

1. e4 {[%emt 0:00:00]} e5 {[%emt 0:00:00]} 2. Nf3 {[%emt 0:00:00]} Nc6 {[%emt 0:00:00]} 3. Bb5 {[%emt 0:00:00]} a6 {[%emt 0:00:00]} 4. Bxc6 {[%emt 0:00:00]} dxc6 {[%emt 0:00:00]} 5. O-O {[%emt 0:00:00]} f6 6. d4 exd4 {[%emt 0:00:01]} 7. Nxd4 {[%emt 0:00:00]} Bd6 {[%emt 0:00:18]} 8. f4 {[%emt 0:00:27]} Qe7 {[%emt 0:00:31]} 9. e5 {[%emt 0:01:15]} fxe5 {[%emt 0:01:08]} 10. fxe5 {[%emt 0:00:01]} Bc5 {[%emt 0:02:20]} 11. Kh1 {[%emt 0:01:48]} Be6 {[%emt 0:02:17]} 12. Bg5 {[%emt 0:02:06]} Qd7 {[%emt 0:00:02]} 13. Nxe6 {[%emt 0:00:06]} Qxe6 {[%emt 0:00:02]} 14. Nc3 {[%emt 0:00:03]} Ne7 {[%emt 0:02:57]} 15. Ne4 {[%emt 0:00:50]} Bb6 {[%emt 0:01:23]} 16. Bxe7 {[%emt 0:04:58]} Qxe7 {[%emt 0:01:00]} 17. Qh5+ {[%emt 0:00:03]} g6 {[%emt 0:03:57]} 18. Qh3 {[%emt 0:01:09]} Rf8 {[%emt 0:00:50]} 19. Nf6+ {[%emt 0:00:06]} Rxf6 {[%emt 0:00:01]} 20. exf6 {[%emt 0:00:02]} Qf7 {[%emt 0:00:05]} 21. Rae1+ {[%emt 0:00:03]} Kf8 {[%emt 0:00:00]} 22. Re7 {[%emt 0:00:05]} Qc4 {[%emt 0:00:03]} 23. Qh6+ {[%emt 0:00:02]} 1/2-1/2

[Event "Moscow Rapid-ch 2018"]
[Site "Moscow"]
[Date "2018.12.09"]
[Round "8"]
[White "Matyunin, Maxim"]
[Black "Stukan, Martin"]
[Result "0-1"]
[WhiteElo "2218"]
[BlackElo "2142"]
[Annotator "NA"]
[PlyCount "58"]
[EventDate "2018.12.08"]
[EventType "swiss"]
[EventCountry "RUS"]
[SourceTitle "playchess.com"]
[Source "ChessBase"]
[SourceQuality "1"]
[TimeControl "900+10"]

1. d4 {[%emt 0:00:00]} Nf6 {[%emt 0:00:00]} 2. Nf3 {[%emt 0:00:00]} g6 {[%emt 0:00:00]} 3. c4 {[%emt 0:00:00]} Bg7 {[%emt 0:00:00]} 4. Nc3 {[%emt 0:00:00]} d5 {[%emt 0:00:00]} 5. Bg5 {[%emt 0:00:00]} Ne4 {[%emt 0:00:00]} 6. Bh4 {[%emt 0:00:01]} Nxc3 {[%emt 0:00:00]} 7. bxc3 {[%emt 0:00:01]} dxc4 {[%emt 0:00:00]} 8. e3 {[%emt 0:00:06]} Be6 {[%emt 0:00:02]} 9. Rb1 {[%emt 0:00:35]} b6 {[%emt 0:00:07]} 10. Nd2 {[%emt 0:00:03]} O-O {[%emt 0:00:23]} 11. Qf3 {[%emt 0:00:24]} Nd7 {[%emt 0:01:18]} 12. Bg3 {[%emt 0:00:51]} Nf6 {[%emt 0:01:14]} 13. Bxc4 {[%emt 0:00:05]} Bxc4 {[%emt 0:01:13]} 14. Nxc4 {[%emt 0:00:02]} c5 {[%emt 0:00:31]} 15. O-O {[%emt 0:00:12]} Qd5 {[%emt 0:00:36]} 16. Qxd5 {[%emt 0:00:38]} Nxd5 {[%emt 0:00:01]} 17. Rfc1 {[%emt 0:00:02]} Rac8 {[%emt 0:00:04]} 18. a4 {[%emt 0:00:12]} f5 {[%emt 0:02:01]} 19. f4 {[%emt 0:03:33]} Rc7 {[%emt 0:01:09]} 20. a5 {[%emt 0:06:32]} cxd4 {[%emt 0:00:46]} 21. cxd4 {[%emt 0:00:38]} Rfc8 {[%emt 0:00:08]} 22. axb6 {[%emt 0:00:01]} axb6 {[%emt 0:01:10]} 23. Rb5 {[%emt 0:00:13]} Nxe3 {[%emt 0:00:07]} 24. Nxe3 {[%emt 0:00:16]} Rxc1+ {[%emt 0:00:02]} 25. Kf2 {[%emt 0:00:01]} Bxd4 {[%emt 0:00:02]} 26. Kf3 {[%emt 0:00:01]} R8c3 {[%emt 0:00:15]} 27. Bf2 {[%emt 0:00:01]} Bxe3 {[%emt 0:00:10]} 28. Bxe3 {[%emt 0:00:02]} Re1 {[%emt 0:00:03]} 29. Re5 {[%emt 0:00:03]} Rexe3+ {[%emt 0:00:04]} 0-1

[Event "Moscow Rapid-ch 2018"]
[Site "Moscow"]
[Date "2018.12.09"]
[Round "8"]
[White "Strutinskaia, Galina"]
[Black "Utiatskaja, Irina"]
[Result "1-0"]
[WhiteElo "2201"]
[BlackElo "2246"]
[Annotator "NA"]
[PlyCount "77"]
[EventDate "2018.12.08"]
[EventType "swiss"]
[EventCountry "RUS"]
[SourceTitle "playchess.com"]
[Source "ChessBase"]
[SourceQuality "1"]
[TimeControl "900+10"]

1. b3 {[%emt 0:00:00]} d5 {[%emt 0:00:00]} 2. Bb2 {[%emt 0:00:10]} Nf6 {[%emt 0:00:10]} 3. f4 {[%emt 0:00:10]} g6 {[%emt 0:00:10]} 4. Nf3 {[%emt 0:00:10]} Bg7 {[%emt 0:00:10]} 5. e3 {[%emt 0:00:10]} O-O {[%emt 0:00:10]} 6. Be2 {[%emt 0:00:10]} c5 {[%emt 0:00:10]} 7. O-O {[%emt 0:00:10]} Nc6 {[%emt 0:00:10]} 8. Qe1 {[%emt 0:00:10]} b6 {[%emt 0:00:10]} 9. Qh4 {[%emt 0:00:10]} Bb7 {[%emt 0:00:10]} 10. d3 {[%emt 0:00:02]} Re8 {[%emt 0:02:47]} 11. Nbd2 {[%emt 0:00:12]} a5 {[%emt 0:01:05]} 12. a4 {[%emt 0:00:08]} Rc8 {[%emt 0:00:19]} 13. Rae1 {[%emt 0:00:03]} Ba6 {[%emt 0:00:07]} 14. g4 {[%emt 0:01:02]} Nb4 {[%emt 0:01:00]} 15. Bd1 {[%emt 0:00:24]} c4 {[%emt 0:00:16]} 16. dxc4 {[%emt 0:01:28]} dxc4 {[%emt 0:00:01]} 17. Nxc4 {[%emt 0:00:21]} Bxc4 {[%emt 0:00:01]} 18. bxc4 {[%emt 0:00:01]} Rxc4 {[%emt 0:00:32]} 19. g5 {[%emt 0:00:11]} Nh5 {[%emt 0:01:15]} 20. Ne5 {[%emt 0:00:07]} Rc8 {[%emt 0:00:10]} 21. Bxh5 {[%emt 0:00:03]} Rxc2 {[%emt 0:00:45]} 22. Nxf7 {[%emt 0:01:19]} Kxf7 {[%emt 0:00:19]} 23. Bxg7 {[%emt 0:00:02]} Kxg7 24. Bg4 {[%emt 0:02:21]} Qd5 {[%emt 0:05:02]} 25. Bf3 {[%emt 0:00:20]} Qc5 {[%emt 0:00:22]} 26. Be4 {[%emt 0:00:19]} Rc3 {[%emt 0:00:33]} 27. Rf3 {[%emt 0:00:24]} Rc1 {[%emt 0:00:38]} 28. Kg2 {[%emt 0:01:56]} Rd8 {[%emt 0:00:11]} 29. Re2 {[%emt 0:01:19]} Rdd1 {[%emt 0:00:21]} 30. Qh6+ {[%emt 0:00:20]} Kg8 {[%emt 0:00:01]} 31. f5 {[%emt 0:00:18]} Qc8 {[%emt 0:01:37]} 32. Rf4 {[%emt 0:01:30]} Rg1+ {[%emt 0:00:40]} 33. Kh3 {[%emt 0:00:14]} Rc3 {[%emt 0:00:21]} 34. Rh4 {[%emt 0:00:13]} Kf7 {[%emt 0:00:28]} 35. Qxh7+ {[%emt 0:00:05]} Ke8 {[%emt 0:00:01]} 36. Qxg6+ {[%emt 0:00:02]} Kd7 {[%emt 0:00:03]} 37. Qe6+ {[%emt 0:00:42]} Kc7 {[%emt 0:00:01]} 38. Qe5+ {[%emt 0:00:16]} Kd7 {[%emt 0:00:12]} 39. Rd2+ {[%emt 0:00:02]} 1-0

[Event "Moscow Rapid-ch 2018"]
[Site "Moscow"]
[Date "2018.12.09"]
[Round "8"]
[White "Chudinovskikh, Alexander M"]
[Black "Dudin, Gleb"]
[Result "1-0"]
[WhiteElo "2184"]
[BlackElo "2303"]
[Annotator "NA"]
[PlyCount "153"]
[EventDate "2018.12.08"]
[EventType "swiss"]
[EventCountry "RUS"]
[SourceTitle "playchess.com"]
[Source "ChessBase"]
[SourceQuality "1"]
[TimeControl "900+10"]

1. e4 {[%emt 0:00:00]} e6 {[%emt 0:00:00]} 2. d4 {[%emt 0:00:00]} d5 {[%emt 0:00:00]} 3. exd5 {[%emt 0:00:00]} exd5 {[%emt 0:00:00]} 4. Nf3 {[%emt 0:00:00]} Bd6 {[%emt 0:00:06]} 5. c4 {[%emt 0:00:00]} dxc4 {[%emt 0:00:15]} 6. Bxc4 {[%emt 0:00:00]} Nf6 {[%emt 0:00:05]} 7. O-O {[%emt 0:00:03]} O-O {[%emt 0:00:03]} 8. h3 {[%emt 0:00:05]} a6 {[%emt 0:00:04]} 9. Nc3 {[%emt 0:00:01]} h6 {[%emt 0:00:34]} 10. Re1 {[%emt 0:00:11]} Nc6 {[%emt 0:00:24]} 11. a3 {[%emt 0:00:26]} Ne7 {[%emt 0:00:59]} 12. Ne5 {[%emt 0:00:21]} b5 {[%emt 0:01:27]} 13. Ba2 {[%emt 0:00:35]} Bb7 {[%emt 0:00:08]} 14. Bf4 {[%emt 0:00:21]} Rb8 {[%emt 0:04:41]} 15. Qe2 {[%emt 0:01:22]} Ned5 {[%emt 0:03:10]} 16. Bg3 {[%emt 0:00:15]} Nxc3 {[%emt 0:00:43]} 17. bxc3 {[%emt 0:00:01]} Ne4 {[%emt 0:00:13]} 18. Qh5 {[%emt 0:01:56]} Bxe5 {[%emt 0:02:01]} 19. Bxe5 {[%emt 0:00:18]} Nxc3 {[%emt 0:01:38]} 20. Qg4 {[%emt 0:07:06]} Qg5 {[%emt 0:00:24]} 21. Bxc7 {[%emt 0:00:09]} Qxg4 {[%emt 0:00:30]} 22. hxg4 {[%emt 0:00:01]} Rbc8 {[%emt 0:00:01]} 23. Bb6 {[%emt 0:01:01]} Bd5 {[%emt 0:00:40]} 24. Bb1 {[%emt 0:00:43]} Na4 {[%emt 0:00:24]} 25. Ba5 {[%emt 0:00:15]} Rc4 {[%emt 0:00:24]} 26. Bb4 {[%emt 0:00:21]} Rd8 {[%emt 0:00:14]} 27. Be7 {[%emt 0:00:32]} Re8 {[%emt 0:00:05]} 28. Bf5 {[%emt 0:00:17]} g6 {[%emt 0:00:15]} 29. Bd7 {[%emt 0:00:11]} Ra8 {[%emt 0:00:08]} 30. Bf6 {[%emt 0:00:11]} Nb6 {[%emt 0:00:01]} 31. Re7 {[%emt 0:02:51]} Rc7 {[%emt 0:00:02]} 32. Rae1 {[%emt 0:00:07]} Nxd7 {[%emt 0:00:01]} 33. Re8+ {[%emt 0:00:08]} Rxe8 {[%emt 0:00:01]} 34. Rxe8+ {[%emt 0:00:01]} Nf8 {[%emt 0:00:01]} 35. Be7 {[%emt 0:00:01]} Rxe7 {[%emt 0:00:03]} 36. Rxe7 {[%emt 0:00:01]} a5 {[%emt 0:00:44]} 37. f3 {[%emt 0:00:19]} Kg7 {[%emt 0:00:14]} 38. Kf2 {[%emt 0:00:07]} Kf6 {[%emt 0:00:18]} 39. Re5 {[%emt 0:00:09]} Bc4 {[%emt 0:00:01]} 40. f4 {[%emt 0:00:26]} Nd7 {[%emt 0:00:25]} 41. g5+ {[%emt 0:00:08]} Kg7 {[%emt 0:00:09]} 42. Re7 {[%emt 0:00:08]} Nb6 {[%emt 0:00:08]} 43. Ra7 {[%emt 0:00:11]} a4 {[%emt 0:00:14]} 44. Rb7 {[%emt 0:00:04]} Nd5 {[%emt 0:00:09]} 45. gxh6+ {[%emt 0:00:02]} Kxh6 {[%emt 0:00:01]} 46. Rxf7 {[%emt 0:00:03]} b4 {[%emt 0:00:18]} 47. axb4 {[%emt 0:00:11]} a3 {[%emt 0:00:12]} 48. Ra7 {[%emt 0:00:11]} a2 {[%emt 0:00:08]} 49. b5 {[%emt 0:00:04]} Bxb5 {[%emt 0:00:12]} 50. Rxa2 {[%emt 0:00:04]} Nxf4 {[%emt 0:00:05]} 51. g3 {[%emt 0:00:14]} Nd5 {[%emt 0:00:14]} 52. Ra5 {[%emt 0:00:10]} Bc4 {[%emt 0:00:12]} 53. Rc5 {[%emt 0:00:11]} Bb3 {[%emt 0:00:09]} 54. Kf3 {[%emt 0:00:04]} Nf6 {[%emt 0:00:05]} 55. Kf4 {[%emt 0:00:14]} Bf7 {[%emt 0:00:16]} 56. g4 {[%emt 0:00:13]} Kg7 {[%emt 0:00:09]} 57. g5 {[%emt 0:00:13]} Nd5+ {[%emt 0:00:10]} 58. Ke5 {[%emt 0:00:05]} Ne7 {[%emt 0:00:04]} 59. d5 {[%emt 0:00:31]} Nf5 {[%emt 0:00:17]} 60. Rc7 {[%emt 0:00:21]} Kf8 {[%emt 0:00:09]} 61. d6 {[%emt 0:00:04]} Ke8 {[%emt 0:00:09]} 62. Ra7 {[%emt 0:00:20]} Bb3 {[%emt 0:00:11]} 63. Rb7 {[%emt 0:00:20]} Bc4 {[%emt 0:00:08]} 64. Rc7 {[%emt 0:00:16]} Bb3 {[%emt 0:00:10]} 65. Ra7 {[%emt 0:00:13]} Bc4 {[%emt 0:00:09]} 66. Rb7 {[%emt 0:00:20]} Ba2 {[%emt 0:00:11]} 67. Rb8+ {[%emt 0:00:05]} Kd7 {[%emt 0:00:06]} 68. Rb7+ {[%emt 0:00:00]} Ke8 {[%emt 0:00:11]} 69. Rb4 {[%emt 0:00:08]} Kd7 {[%emt 0:00:11]} 70. Rb7+ {[%emt 0:00:06]} Ke8 {[%emt 0:00:01]} 71. Ra7 {[%emt 0:00:05]} Bb3 {[%emt 0:00:01]} 72. Rb7 {[%emt 0:00:29]} Bc4 {[%emt 0:00:02]} 73. Rb4 {[%emt 0:00:10]} Ba2 {[%emt 0:00:12]} 74. Rb8+ {[%emt 0:00:10]} Kd7 {[%emt 0:00:02]} 75. Rb7+ {[%emt 0:00:01]} Ke8 {[%emt 0:00:01]} 76. Rh7 {[%emt 0:00:18]} Bb3 {[%emt 0:00:14]} 77. Rb7 {[%emt 0:00:13]} 1-0

[Event "Moscow Rapid-ch 2018"]
[Site "Moscow"]
[Date "2018.12.09"]
[Round "8"]
[White "Martynyuk, Elizaveta"]
[Black "Paramzina, Anastasya"]
[Result "0-1"]
[WhiteElo "2128"]
[BlackElo "2229"]
[Annotator "NA"]
[PlyCount "80"]
[EventDate "2018.12.08"]
[EventType "swiss"]
[EventCountry "RUS"]
[SourceTitle "playchess.com"]
[Source "ChessBase"]
[SourceQuality "1"]
[TimeControl "900+10"]

1. e4 c5 2. Nf3 d6 3. d4 cxd4 4. Nxd4 Nf6 5. Nc3 a6 6. Be3 e5 7. Nf3 Qc7 8. Be2 h6 9. O-O Be6 10. h3 Be7 11. Nd2 O-O 12. f4 exf4 13. Bxf4 Nbd7 14. Nf3 Qb6+ 15. Kh1 Qxb2 16. Nd5 Bxd5 17. exd5 Rfe8 18. c4 Nh5 19. Rb1 Qxa2 20. Bh2 Bf8 21. Nd4 Nhf6 22. Rxb7 Nc5 23. Rc7 Nce4 24. Qd3 Qb2 25. Bf4 Nc5 26. Qd1 Nfe4 27. Bh5 Nf2+ 28. Rxf2 Qxf2 29. Bxf7+ Kh7 30. Bxe8 Qxf4 31. Rf7 Qe3 32. Bc6 Rb8 33. Rf3 Qe5 34. Ne6 Be7 35. Nxc5 dxc5 36. Qd3+ Kh8 37. Re3 Qa1+ 38. Kh2 Bd6+ 39. g3 Rb2+ 40. Re2 Qf1 0-1